Statistics for Guess the lyrics (#3)

Click here to take the quiz!

General Stats

  • This quiz has been taken 151 times
  • The average score is 94 of 186

Answer Stats

Answer% Correct
a
98%
I
98%
the
94%
You
92%
we
87%
to
86%
and
83%
And
83%
be
83%
do
80%
it,
80%
it
80%
when
80%
in
79%
so
76%
where
74%
Then
73%
then
73%
can
72%
is
70%
could
69%
my
69%
if
65%
have
63%
that
62%
of
61%
were
61%
there
49%
know
48%
day
47%
up
47%
live
45%
night
45%
it's
43%
say
43%
together
43%
was
42%
But
41%
Oh
40%
Good
39%
good
39%
come
36%
make
36%
every
35%
long
35%
nice?
35%
nice
35%
Wouldn't
35%
wouldn't
35%
stay
32%
baby
31%
Baby
31%
Wouldn't
31%
never
30%
world
30%
wait
29%
new
28%
older?
28%
only
26%
Happy
25%
happy
25%
more
25%
much
25%
about
24%
belong?
24%
let's
24%
morning
24%
talk
24%
wake
24%
better
23%
hope
23%
kiss
23%
think
23%
couldn't
22%
wish
22%
been
21%
kind
21%
might
21%
without
21%
sleep
20%
thing
20%
whole
20%
gonna
18%
pray
18%
through?
18%
times
17%
true
17%
Maybe
16%
we'd
16%
after
15%
each
15%
married
14%
seems
14%
we've
14%
makes
13%
other
13%
tight
13%
ending
12%
hold
12%
single
9%
spending
9%
spent
9%
having
8%
close
7%
worse
7%

Score Distribution

Percentile by Number Answered

Percent of People with Each Score

Your Score History

You have not taken this quiz